Terra magna /

Hlavní autor: Knittel, John, 1891-1970
Další autoři: Ličková, Marta, 1926-2020
Jazyk: Slovenština
Vydáno: Bratislava : Slovenský spisovateľ, 1970
Vydání: 1. vyd.
Edice: Spoločnosť priateľov krásnych kníh (Slovenský spisovateľ)
Fyzický popis: 642 s.
Knihy
Uloženo v:
LEADER 00943nam a22002652a 4500
001 001307078
003 CZ BrMZK
005 20130702092405.0
007 ta
008 130702s1970 xo er|||||||||||slo d
040 |a LIA001  |b cze  |d BOA001 
041 1 |a slo  |h ger 
100 1 |a Knittel, John,  |d 1891-1970  |7 jo20010093671  |4 aut 
245 1 0 |a Terra magna /  |c John Knittel ; z nemeckého originálu ... preložila Marta Ličková 
250 |a 1. vyd. 
260 |a Bratislava :  |b Slovenský spisovateľ,  |c 1970 
300 |a 642 s. 
490 1 |a Spoločnosť priateľov krásnych kníh ;  |v zv. 251 
700 1 |a Ličková, Marta,  |d 1926-2020  |7 mzk2004241670  |4 trl 
765 0 |t Terra Magna, Roman aus Nordafrika  |9 Slovensky 
830 0 |a Spoločnosť priateľov krásnych kníh (Slovenský spisovateľ)  |0 s 
910 |a BOA001  |b 2-0644.276 
990 |a BK 
991 |b 201307 
996 7 |b 2619667395  |c 2-0644.276  |l HP2  |r DEN  |n 1  |w 001341878  |u 000010  |a 1  |e BOA001  |j MZK50  |s A